000 01168cam a22002294a 4500
005 20250605163938.0
008 250528s ||||||||||||||||||||||||d
035 _a14924
020 _a7008260
040 _aGR-AtMCL
_bgre
_dGR-AtMCL
_eAACR2
245 1 _aAccounting / Principles and Applications: Fifth Edition
250 _a5th
260 _bMcgraw Hill Book Company,
_c1986
300 _a1154
520 _aPreface, Accounting: Basic Principles, Introduction, The Accounting Cycle, Business Project, Accumulation of Financial Data, Payroll Records and Procedures, Reporting the Results of Operations, Computers and Accounting, Microcomputer Problems, Financial Accounting: Basic Principles, Underlying Concepts of Financial Accounting, Accounting for Assets and Liabilities, Accounting for Partnerships, Accounting for Corporations, Financial Reporting and Analysis, Managerial Accounting: Basic Principles, Responsibility Accounting, Cost Accounting, Budgeting and Reporting, Glossary, Index.
700 1 _aBrock Horace R
_9729
700 1 _aCunningham Billie M
_9730
700 1 _aPalmer Charles E
_9731
942 _cBK
999 _c534
_d534